[Event "45th FIDE Chess Olympiad Open"]
[Site "Budapest, Hungary"]
[Date "2024.09.12"]
[Round "2.153"]
[White "Supi, Luis Paulo"]
[Black "Santos Flores, Alberto"]
[Result "1-0"]
[WhiteElo "2570"]
[BlackElo "2168"]
[Annotator "Chessbase"]
[PlyCount "109"]
[EventDate "2024.??.??"]
[WhiteTeam "Brazil"]
[BlackTeam "Ecuador"]
[WhiteTeamCountry "BRA"]
[BlackTeamCountry "ECU"]
[WhiteClock "0:36:55"]
[BlackClock "0:13:27"]

{[%evp 9,109,20,21,17,26,16,20,21,26,16,13,12,8,6,6,3,7,4,23,4,16,17,10,14,12,10,18,12,15,3,1,6,1,0,1,3,0,-15,15,-62,53,48,32,42,39,44,43,48,76,59,107,91,115,105,101,97,130,106,142,139,188,166,210,215,217,197,224,221,246,250,247,248,239,239,257,250,250,262,286,267,282,256,293,273,344,336,460,462,452,444,501,504,464,479,462,475,542,537,520,519,530,527]} 1. c4 e6 2. Nf3 d5 3. g3 dxc4 4. Bg2 Nf6 5. O-O a6 6. Qc2 {A13: English Opening: 1...e6.} Bd6 {has lost popularity (6...Nbd7). Inhibits Ne5.} ({Relevant:} 6... c5 7. Ne5 {Prevents Nc6.} Be7 8. a4 O-O 9. Na3 Ra7 {[%cal Ob7b5]} 10. Naxc4 b6 11. a5 {[%eval -52,16] [%wdl 4,841,155]} (11. Rd1 $14 {[%eval 40,14] [%wdl 107,887,6]}) 11... b5 $15 12. Nb6 {[%cal Od2d4]} Bb7 13. Bxb7 Rxb7 14. d3 Nd5 15. Be3 Nxe3 16. fxe3 {[%cal Od3d4]} Qd6 {Prevents d4.} 17. d4 {[%cal Oe5f7]} cxd4 18. Nxf7 $2 {[%eval -275,16] [%wdl 0,1,999]} (18. Qe4 $17 {[%eval -73,16] [%wdl 1,742,257] was the only chance.} Rc7 19. exd4) 18... Rxf7 $19 19. Nc8 $2 {[%eval -416,17] [%wdl 0,0,1000]} (19. Rxf7 {[%eval -248,17] [%wdl 0,2,998]} Kxf7 20. Qxh7) 19... Qc7 20. Nxe7+ Rxe7 21. Qe4 Nd7 22. Rac1 Qb8 23. Rc6 Nf6 24. Qxd4 Rbd7 25. Qc5 {Threatens to win with Rc8+.} Rc7 {Inhibits Rc8+.} 26. Qd6 Ne8 27. Qe5 Qc8 28. Rb6 Rc1 29. Rb8 Rxf1+ 30. Kxf1 Qc6 31. Kg1 Rf7 {(  ...Qc1+)} 32. h4 $2 {[%eval -32753,15] [%wdl 0,0,1000]} (32. Qc3 $19 {[%eval -305,17] [%wdl 0,0,1000]} Qd7 33. Qd4) 32... Rf8 {[%eval -500,19] [%wdl 0,0,1000]} (32... Qc1+ $142 {[%eval -32753,15] [%wdl 0,0,1000]} 33. Kh2 Rf2+ 34. Kh3 Qf1+ 35. Kg4 Qxe2+ 36. Kg5 h6+ 37. Kg6 Qg4+ 38. Qg5 Rf6#) 33. Rb6 {[%eval -32753,17] [%wdl 0,0,1000]} (33. g4 $19 {[%eval -500,19] [%wdl 0,0,1000]}) 33... Qc1+ 34. Kh2 Qf1 {[%cal Rf8f2]} 35. Qxe6+ Kh8 {0-1 Andreikin,D (2729)-Anton Guijarro,D (2691) Titled Tuesday intern op 13th Jun Late blitz 2023 (9)}) 7. Qxc4 b5 8. Qc2 {The position is equal.} Bb7 9. a4 ({RR} 9. b3 c5 10. Bb2 Nbd7 11. d3 O-O 12. Nbd2 Rc8 13. Rac1 Re8 14. Qb1 e5 15. Rfd1 Qb6 16. Qa1 h6 17. e3 Rcd8 18. a3 Qa7 19. h3 Qa8 20. e4 Qb8 21. Nf1 Nf8 22. Ne3 Ne6 23. Bxe5 Bxe5 {½-½ Supi,L (2556)-Mekhitarian,K (2531) Guayaquil zt 2.4 2019 (4)}) 9... c5 10. Nc3 Qb6 {[#]} 11. Ng5 $146 {White wants to play Bxb7.} ({RR} 11. d3 O-O 12. axb5 axb5 13. Rxa8 Bxa8 14. Be3 (14. Qb3 $5 {[%cal Rb3b5]}) 14... Nbd7 15. b4 Ng4 16. Bxc5 Nxc5 17. bxc5 Bxc5 18. e3 Rc8 19. Nxb5 $2 {[%eval -448,15] [%wdl 0,0,1000][%mdl 8192]} ({White should play} 19. d4 $1 $15 {[%eval -38,17] [%wdl 3,927,70]} Be7 20. Nd5 Rxc2 21. Nxb6) 19... Nxe3 {0-1 Firat,B (2453)-Bluebaum,M (2643) Titled Tuesday intern op 17th April blitz 2017 (5)}) ({RR} 11. d3 Nbd7 12. axb5 axb5 13. Rxa8+ Bxa8 14. Qb3 b4 15. Na4 Qa6 {Strongly threatening ...Bc6.} 16. Nd2 Bd5 17. Nc4 {[%cal Oa4b6]} Bxc4 18. dxc4 Ne5 19. Bf4 Qxc4 20. Nxc5 Bxc5 21. Qxc4 Nxc4 22. Rc1 Kd7 23. Rxc4 Rc8 {[%cal Oc5f2] ...Bxf2+! is the strong threat.} 24. Kf1 {And now Bb7 would win.} Nd5 25. Bd2 g6 {½-½ Shimanov,A (2597)-Frolyanov,D (2556) Khanty-Mansiysk Governor Cup-A 8th 2012 (9)}) ({RR} 11. d3 O-O 12. axb5 axb5 13. Rxa8 Bxa8 14. Qb3 b4 15. Nd1 Nc6 16. Ne3 Na5 17. Nc4 Nxc4 18. Qxc4 Rc8 19. Nd2 Bxg2 20. Kxg2 Qc6+ 21. Kg1 Nd7 22. Qc2 Nb6 23. Rd1 h5 24. Nc4 Nxc4 25. Qxc4 Qd5 {½-½ Marin,M (2493)-Ogleznev,A (2359) ROM-chT Mamaia 2021 (4.3)}) ({Predecessor:} 11. d3 O-O 12. axb5 axb5 13. Rxa8 Bxa8 14. Bg5 Nbd7 15. Ra1 Rb8 16. Ne5 Bxg2 17. Nxd7 Nxd7 18. Kxg2 c4 19. dxc4 bxc4 20. Rd1 {aiming for Qd2.} Bf8 21. Be3 Qb7+ 22. Qe4 f5 23. Qxb7 Rxb7 24. Rd4 e5 25. Rxc4 Rxb2 26. Rc7 Nf6 27. Bc5 Bxc5 28. Rxc5 Rc2 29. Kf1 Rc1+ 30. Kg2 Rc2 31. Kf1 Rc1+ 32. Kg2 Rc2 33. Kf1 {½-½ Grachev,B (2647)-Riazantsev,A (2662) RUS-chT 25th 2018 (1.4)}) ({Predecessor:} 11. d3 O-O 12. axb5 axb5 13. Rxa8 Bxa8 14. Bg5 Nbd7 15. Ra1 Rb8 16. Ne5 Bxg2 17. Nxd7 Nxd7 18. Kxg2 {½-½ (33) Grachev,B (2647)-Riazantsev,A (2662) Sochi 2018}) 11... Bxg2 12. Kxg2 b4 13. Nce4 Nbd7 14. d3 h6 15. Nxf6+ Nxf6 16. Nf3 O-O 17. b3 Rac8 18. Bb2 Nd7 19. Qc4 Be7 20. Rac1 Qb7 21. Rc2 $40 {[%mdl 128] White attacks.} Bf6 22. Bxf6 Nxf6 23. Rfc1 {[%cal Bf1c1,Bc1c2,Bc2c4,Bc4c5,Bc5b5][%mdl 32]} Nd5 24. d4 {[%eval -62,20] [%wdl 0,849,151]} (24. Qe4 $11 {[%eval 15,16] [%wdl 18,978,4]}) 24... Nb6 {[%eval 53,19] [%wdl 102,897,1]} (24... cxd4 $15 {[%eval -62,20] [%wdl 0,849,151]} 25. Qxc8 Rxc8 26. Rxc8+ Kh7) 25. Qd3 $14 cxd4 26. Qxd4 Rxc2 27. Rxc2 Nd5 28. Rc4 a5 29. Rc5 Qa6 30. Qd3 Qb6 31. Qb5 Qxb5 32. Rxb5 $16 {[%mdl 4096] Endgame KRN-KRN} Ra8 33. Nd4 Ra6 34. Rc5 Ne7 {Prevents Nc6.} 35. Nf3 Nc6 36. Nd2 Kf8 37. e3 Ke7 38. Nc4 Kd7 39. Kf3 Ra7 40. h4 Ra6 41. g4 Ra7 42. Ke4 Ra6 43. f4 f6 44. Kd3 Ra7 45. h5 Ra6 46. e4 Ra7 47. e5 Ra6 48. exf6 {White is clearly winning.} gxf6 49. g5 fxg5 50. fxg5 Ke7 51. gxh6 Kf8 {[#]} 52. Nxa5 $1 {[%mdl 512]} Rxa5 (52... Ne7 53. Rg5) 53. Rxc6 Rxh5 54. Rxe6 Kf7 55. Rb6 {Medidor de erros: White=0.05 (perfeito) /Black=0.19 (muito preciso) Precisão Chess.com: Brancas 97.2% Pretas 90.3%} 1-0

[Event "45th FIDE Chess Olympiad Open"]
[Site "Budapest, Hungary"]
[Date "2024.09.12"]
[Round "2.154"]
[White "Noboa Silva, Kevin"]
[Black "Fier, Alexandr"]
[Result "1/2-1/2"]
[WhiteElo "2270"]
[BlackElo "2551"]
[Annotator "Chessbase"]
[PlyCount "172"]
[EventDate "2024.??.??"]
[WhiteTeam "Ecuador"]
[BlackTeam "Brazil"]
[WhiteTeamCountry "ECU"]
[BlackTeamCountry "BRA"]
[WhiteClock "0:01:16"]
[BlackClock "0:37:20"]

{[%evp 0,108,28,19,29,0,4,-10,45,14,12,30,8,6,20,14,8,-4,-19,-8,-12,-17,-5,-23,1,-20,-13,-15,-15,-30,-25,-45,-26,-11,-12,-12,-4,-13,-13,-11,-10,0,20,9,0,0,-10,-4,-1,-20,-26,-30,8,-7,-3,-13,-7,-10,-2,-10,5,-7,3,1,1,1,75,75,75,90,105,62,58,30,73,49,73,31,31,-20,0,-36,62,41,51,51,68,24,24,24,1,1,105,92,100,84,89,128,147,152,169,170,150,111,185,164,198,189,255,223,256]} 1. d4 d5 2. c4 e6 3. Nc3 c6 4. cxd5 exd5 5. Bf4 Bd6 6. Bg3 Ne7 7. e3 Nf5 8. Bd3 Nxg3 9. hxg3 Nd7 10. Nf3 ({RR} 10. Qc2 Nf6 11. O-O-O g6 12. Kb1 Kf8 13. Nge2 Ng4 14. Nf4 Kg7 15. Qd2 Bxf4 16. gxf4 f5 17. Qe1 Re8 18. Ne2 Qe7 19. Ng1 a5 20. Nf3 Be6 21. Rc1 Qb4 22. Qe2 a4 23. a3 Qe7 24. Ne5 Nxe5 {1-0 Istratescu,A (2611)-Lautier,J (2682) Aix en Provence rapid 2004 (2.1)}) 10... Nf6 11. Qc2 h6 ({RR} 11... Qe7 12. O-O O-O 13. Rac1 g6 14. Rfe1 Bg4 15. Nh2 h5 16. Nxg4 Nxg4 17. Bxg6 fxg6 18. Qxg6+ Qg7 19. Qxd6 Rf6 20. Qa3 Nxf2 21. Re2 Qxg3 22. Qe7 Ng4 {0-1 Khasangatina,K (1088)-Truskavetsky,A (2348) Yialos Open 2023 (1.4)}) 12. Nh4 $146 ({RR} 12. O-O-O Qc7 13. Nh4 Bd7 14. Bf5 O-O-O 15. Bxd7+ Rxd7 16. Nf5 Bf8 17. Kb1 g6 18. Nh4 Bd6 19. Nf3 Re7 20. Rc1 Kb8 21. Ne1 Qd7 22. Nd3 h5 23. Na4 Ne4 24. b4 Ree8 25. Nac5 Qe7 26. Ka1 Rc8 {½-½ Adla,D-Garbarino,R (2250) ARG-ch 60th Buenos Aires 1986 (7)}) ({RR} 12. O-O-O Be6 13. Ng5 Bg4 14. Rde1 O-O 15. Bh7+ Kh8 16. Bf5 Bxf5 17. Qxf5 Kg8 18. Nf3 Qc8 19. Qc2 Re8 20. e4 dxe4 21. Nxe4 Nxe4 22. Rxe4 Rxe4 23. Qxe4 Qe8 24. Qf5 Qc8 25. Qe4 Qe8 26. Qf5 {½-½ Ftacnik,L (2535)-Sakaev,K (2540) Brno 1992 (6)}) ({Relevant:} 12. Bf5 Qe7 13. Bxc8 Rxc8 14. Qf5 O-O 15. Rb1 g6 16. Qh3 h5 17. Qh4 Kg7 18. O-O Rce8 19. Rfe1 Qe6 20. Ng5 Qf5 21. e4 dxe4 22. Ngxe4 Ng4 23. f3 Be7 24. Qh3 Nh6 25. Qxf5 Nxf5 26. Rbd1 Bb4 27. Kf2 Rd8 28. Nc5 Nxd4 29. Nxb7 Rd7 30. a3 Rxb7 31. axb4 Rxb4 32. Rd2 Rfb8 33. Nd1 c5 34. Re5 Ne6 35. Red5 Rd4 36. R2xd4 cxd4 37. Ke2 h4 38. Kf2 Rc8 39. gxh4 Rc2+ 40. Kg3 Rxg2+ 41. Kxg2 Nf4+ {0-1 Kovalenko,I (2674)-Matlakov,M (2662) Aimchess Play In m rapid 2023 (1.2)}) 12... O-O 13. O-O Re8 {[#]} 14. Rfe1 $146 ({Predecessor:} 14. Nf5 Bxf5 15. Bxf5 Qe7 16. Rfd1 g6 17. Bd3 Ng4 18. e4 Qg5 19. Be2 Ne3 20. fxe3 Qxe3+ 21. Kf1 dxe4 22. Bc4 Bxg3 23. Qd2 Qxd2 24. Rxd2 e3 25. Re2 Rad8 26. Rd1 b5 27. Nxb5 cxb5 28. Bxb5 Re4 29. Bc6 Rf4+ 30. Bf3 Bf2 31. d5 Rd6 32. Rc2 Kg7 33. Rc6 Rff6 34. Ke2 h5 35. b4 g5 36. Rxd6 Rxd6 37. Bxh5 f5 38. b5 Kf6 39. a4 g4 40. a5 Kg5 41. Be8 Kf4 42. b6 Bh4 43. Bc6 a6 {1-0 Brujatsky,E (2185)-Bruyatskaya,M (2040) Dimitrovgrad-ch 2009 (8)}) 14... Be6 15. Rad1 Bf8 16. a3 a5 17. Nf3 Bg4 18. Bf5 Bxf5 19. Qxf5 Qb6 20. Qc2 Re6 21. Na4 Qc7 22. Nc5 Bxc5 23. dxc5 a4 24. Rd4 Qa5 25. Rb4 Qa7 26. Rc1 Ne4 27. Nd2 Nf6 28. Nf3 Re7 29. Qd1 Re4 30. Nd4 Nd7 31. Nb5 Qa5 32. Rxe4 dxe4 33. Nd6 Nxc5 34. Qh5 Nd3 35. Qxf7+ Kh7 36. Nxb7 Qg5 37. Rc3 Ra7 38. Qe6 Nxf2 39. Kxf2 Rxb7 40. Qxe4+ Kh8 41. Rxc6 Rxb2+ 42. Kg1 Rb8 43. Ra6 Qxg3 44. Rxa4 Qe1+ 45. Kh2 Qb1 46. Qxb1 Rxb1 47. Kg3 Kh7 48. Ra6 h5 49. a4 Rb4 50. a5 Ra4 51. Ra7 Kh6 52. a6 Kg6 53. Ra8 Kg5 54. Kf3 h4 55. Ra7 g6 56. Ra8 Ra2 57. a7 Ra3 58. Kf2 Ra2+ 59. Kg1 Kg4 60. Rg8 Rxa7 61. Rxg6+ Kf5 62. Rg8 Re7 63. Kf2 Rh7 64. Rf8+ Ke4 65. Rf4+ Ke5 66. Rf3 Ke4 67. Rh3 Rh8 68. Ke2 Kf5 69. g3 Rg8 70. gxh4 Kg4 71. Rh1 Rh8 72. h5 Rh6 73. Kd3 Kf3 74. Rh4 Kg3 75. Rf4 Rxh5 76. Rf8 Ra5 77. e4 Kg4 78. Re8 Kf4 79. Rf8+ Kg4 80. Rf1 Kg5 81. Rf2 Ra3+ 82. Kd4 Ra4+ 83. Kd5 Ra5+ 84. Kd6 Ra6+ 85. Kc5 Ra5+ 86. Kb4 Re5 {Precisão Chess.com: Brancas 94.4% Pretas 94.1%} 1/2-1/2

[Event "45th FIDE Chess Olympiad Open"]
[Site "Budapest, Hungary"]
[Date "2024.09.12"]
[Round "2.155"]
[White "Quintiliano, Renato R."]
[Black "Garzon Zapatanga, Christopher Leonel"]
[Result "1-0"]
[WhiteElo "2499"]
[BlackElo "2216"]
[Annotator "Chessbase"]
[PlyCount "95"]
[EventDate "2024.??.??"]
[WhiteTeam "Brazil"]
[BlackTeam "Ecuador"]
[WhiteTeamCountry "BRA"]
[BlackTeamCountry "ECU"]
[WhiteClock "0:29:15"]
[BlackClock "0:29:18"]

{[%evp 0,95,28,19,28,-11,38,48,53,66,66,57,47,27,75,38,66,44,46,38,49,-40,-14,-28,-17,-17,23,-7,77,112,122,59,57,-9,1,-4,59,0,0,-19,62,57,59,29,32,39,61,3,65,43,106,95,303,303,117,107,210,110,153,173,353,300,300,138,143,143,108,96,139,137,169,139,132,97,123,127,127,135,156,171,224,141,177,183,210,210,260,310,310,296,296,306,440,306,306,306,306,965]} 1. d4 {Krasenkow,Michal} Nf6 2. c4 g6 3. Nc3 Bg7 4. e4 d6 5. Nf3 O-O 6. Be2 e5 7. d5 a5 8. h3 Na6 9. Bg5 Qe8 10. g4 {is now debated instead of 10.Nd2.} ({Relevant:} 10. Nd2 Nd7 11. a3 Nb6 12. b3 Bd7 13. O-O Nc5 14. Rc1 f5 15. b4 axb4 16. axb4 Nca4 17. Nb5 Rc8 18. Qc2 h6 19. Bh4 g5 20. Bg3 f4 21. Bh2 h5 22. f3 Rf6 23. Ra1 c6 24. dxc6 bxc6 25. Nxd6 Rxd6 26. c5 Rg6 27. cxb6 Nxb6 28. Nb3 g4 29. fxg4 hxg4 30. hxg4 Bxg4 31. Nc5 Bf8 32. Qb3+ Qf7 33. Qxf7+ Kxf7 34. Ra7+ Kg8 35. Bxg4 Rxg4 36. Rc1 Rd8 37. Rc2 Bxc5+ 38. bxc5 Rd1+ 39. Kf2 Nd7 {0-1 Topalov,V (2740)-Dominguez Perez,L (2739) Saint Louis Champions Showdown blitz 2019 (17.4)}) 10... Bd7 ({RR} 10... Kh8 11. Nd2 ({RR} 11. Be3) 11... Ng8 12. h4 f5 ({RR} 12... f6 13. Be3 f5 14. gxf5 gxf5 15. exf5 Bxf5 ({RR} 15... Nh6 16. Bh5 Qd7 17. f6 Rxf6 18. Nde4 Rf8 19. Qd2 Nf5 20. O-O-O) ({RR} 15... Bh6 16. Bg5 Bxg5 17. hxg5 Bxf5 18. Nde4) 16. Nde4 Nf6 17. Ng3 Qd7 18. h5 Rf7 19. h6 Bf8 20. Bd3 Bxd3 21. Qxd3 Ng4 22. Nce4 Nxe3 23. fxe3 Qg4 24. Kd2) ({RR} 12... h6 13. Be3 f5) 13. gxf5 ({RR} 13. f3 fxg4 ({RR} 13... f4 14. h5 Bf6 15. hxg6 Qxg6 16. Bxf6+ Nxf6 17. Nb3 b6 18. Qd2 Bd7 19. O-O-O) 14. fxg4 Nf6) 13... gxf5 14. Bh5 ({RR} 14. exf5 Bxf5 15. Nde4 Nf6 16. Ng3 Qd7 17. Rg1 Nb4 18. Rc1 e4) 14... Qd7 15. Qe2 ({RR} 15. exf5 Qxf5 16. Nde4 Nc5 17. Qe2 Nxe4 18. Nxe4 Nf6 19. Ng3 Qd7 20. Rg1 c6) 15... Nf6 16. Bf3 fxe4 ({RR} 16... Nc5 17. O-O-O fxe4 ({RR} 17... Qf7) 18. Ndxe4 Nfxe4 19. Nxe4 Qf5 20. Bg2 Nxe4 21. Bxe4 Qxf2 22. Qh5 ({RR} 22. Qxf2 Rxf2 23. Rdf1 Rxf1+ 24. Rxf1 Bg4 25. Rf7 Rc8) 22... Bf5 23. Rhf1 Bxe4 24. Rxf2 Rxf2) 17. Ndxe4 Nxe4 18. Nxe4 Nb4 ({RR} 18... Nc5 19. Nxc5 dxc5 20. Rg1) ({RR} 18... b6 19. Rg1 Nc5 20. Nxc5 bxc5 21. Be4 Qf7 22. f3) 19. Bg2 Qa4 ({RR} 19... c6) 20. Nc3 Qc2 21. Be4 Qxe2+ 22. Kxe2 Bg4+ 23. f3 Bh5 24. Rag1 Rf7 ({RR} 24... Na6 25. Be3 Bf6) 25. Be3 {1-0 Wei,Y (2743)-Jones,G (2640) Tata Steel-A 80th 2018 (4) RR} Rff8) ({RR} 10... Nd7 11. a3 Nb6 12. b3 Bd7 13. Rg1 Kh8 14. Be3 Qe7 15. h4 f5 16. g5 f4 17. Bxb6 cxb6 18. Nd2 f3 19. Bxf3 Rf4 20. Qe2 Rxh4 21. O-O-O Nc5 22. Kb2 Rf8 23. Rdf1 Rff4 24. b4 Na6 25. Kb3 {1-0 Hahn,M (2314)-Lohr,M (2047) 34th Staufer-Open 2024 (4.22)}) 11. Nd2 h6 $146 ({RR} 11... c6 12. h4 cxd5 13. exd5 Nc5 14. Be3 Qc8 15. Rg1 Kh8 16. g5 Nh5 17. Nde4 Ra6 18. Nxc5 dxc5 19. Ne4 b6 20. Bxh5 gxh5 21. Qxh5 Bf5 22. Qf3 Bxe4 23. Qxe4 Qc7 24. O-O-O b5 25. cxb5 Rd6 26. h5 {1-0 Cederstam Barsk,C (2259)-Nilsson,C (2022) Stockholm op 2014 (2)}) ({RR} 11... Nc5 12. h4 h6 13. Be3 Nh7 14. Nf1 Qe7 15. Qd2 Nf6 16. f3 h5 17. Bg5 hxg4 18. h5 gxh5 19. Ng3 gxf3 20. Bxf3 Qe8 21. Bxf6 Bxf6 22. Nxh5 Qe7 23. Qh6 Bh4+ 24. Ke2 {1-0 Jacimovic,D (2424)-Mitkovski,Z (2168) FRM-chT 19th 2010 (1)}) ({RR} 11... Nc5 12. f3 h6 13. Be3 Nh7 14. Nb3 Qe7 15. Nxc5 dxc5 16. Qd2 f5 17. exf5 gxf5 18. O-O-O f4 19. Bf2 Ng5 20. Bh4 Be8 21. Bd3 Bf6 22. Bxg5 Bxg5 23. Bf5 Bh4 24. Ne4 Ra6 25. Kb1 b5 26. Rc1 {1-0 Kuzubov,Y (2626)-Esenov,A (2338) Gurgon op 1st 2009 (3)}) 12. Be3 Nh7 13. h4 f5 14. gxf5 gxf5 15. exf5 Bxf5 16. Nde4 Nf6 {[#]} 17. f3 $146 ({Predecessor:} 17. Bf3 Qg6 18. Ng3 Bd3 19. Be2 Nb4 20. Rc1 Bxe2 21. Kxe2 Qg4+ 22. Ke1 Qxc4 23. b3 Qd3 24. a3 Qxd1+ 25. Rxd1 Na6 26. Rg1 Kh7 27. Nf5 Rf7 28. Ng3 Rg8 29. Nge4 Nxe4 30. Nxe4 Bf8 31. Ke2 Rxg1 32. Rxg1 Be7 33. h5 Rg7 34. Rxg7+ Kxg7 35. Bd2 b6 36. Be3 Nb8 37. f3 Bh4 38. Kd3 Be1 39. Ke2 Bh4 40. Kd2 Nd7 41. Kd3 Be1 42. Ke2 Bh4 43. Kd3 Be7 44. Ng3 Nf6 45. Nf5+ Kf7 46. Nxh6+ Ke8 {0-1 Klim,K (1955)-Mucha,R (2007) POL-chT U19 36th 1st League 2005 (2)}) 17... Nh5 18. Qd2 Nf4 19. O-O-O b6 20. Rdg1 Kh8 21. Bd1 Nc5 22. Bc2 Qe7 23. Rg3 Rf7 24. Rhg1 Bh7 25. Nxc5 bxc5 26. Bxh7 Kxh7 27. Rg4 Raf8 28. Ne2 h5 29. Rg5 Bh6 30. Bxf4 Rxf4 31. Nxf4 Bxg5 32. Rxg5 Rxf4 33. Rxh5+ Kg6 34. Rg5+ Kh6 35. Rg4 Qf6 36. Rxf4 exf4 37. Qxa5 Qxh4 38. Qc3 Qe7 39. a4 Kg5 40. Kd1 Qh7 41. a5 Qh1+ 42. Kc2 Qh2+ 43. Kb3 Qe2 44. Qg7+ Kf5 45. Qg4+ Kf6 46. Qxf4+ Kg7 47. Qg4+ Kf6 48. Qe6+ {Precisão Chess.com: Brancas 94.1% Pretas 88.1%} 1-0

[Event "45th FIDE Chess Olympiad Open"]
[Site "Budapest, Hungary"]
[Date "2024.09.12"]
[Round "2.156"]
[White "Mieles Palau, Daniel"]
[Black "Di Berardino, Diego Rafael"]
[Result "0-1"]
[WhiteElo "2321"]
[BlackElo "2472"]
[Annotator "Chessbase"]
[PlyCount "54"]
[EventDate "2024.??.??"]
[WhiteTeam "Ecuador"]
[BlackTeam "Brazil"]
[WhiteTeamCountry "ECU"]
[BlackTeamCountry "BRA"]
[WhiteClock "0:01:05"]
[BlackClock "0:13:58"]

{[%evp 0,54,28,-10,39,14,25,20,94,82,88,20,6,26,39,26,37,37,39,32,61,60,56,56,41,53,83,46,46,41,17,34,20,10,12,7,5,-7,-25,-35,-30,-27,-31,-67,-52,-26,-44,-41,-56,-142,-184,-176,-176,-334,-345,-423,-420]} 1. c4 c5 2. Nf3 Nf6 3. Nc3 d5 4. cxd5 Nxd5 5. g3 Nc6 6. Bg2 Nc7 7. O-O e5 8. d3 Be7 9. Nd2 Bd7 10. Nc4 f6 11. f4 b5 12. Ne3 O-O 13. Ned5 ({RR} 13. a4 b4 14. Ne4 f5 15. Nd2 exf4 16. gxf4 Bf6 17. Nb3 Qe7 18. Nc4 Rae8 19. e3 Rd8 20. Qc2 Be8 21. Bd2 Ne6 22. Rad1 Qd7 23. Be1 Bh5 24. Rd2 Ne7 25. Bg3 Kh8 26. Kh1 Qxa4 27. Ra1 Qd7 {0-1 Meier,G (2628)-Nepomniachtchi,I (2789) World Corporate Final rapid 2021 (4)}) 13... Rb8 ({Relevant:} 13... Nxd5 14. Bxd5+ Kh8 15. Nxb5 Rb8 16. Nc3 exf4 17. Rxf4 f5 18. Rb1 Nb4 19. Bg2 Be6 20. a3 Nd5 21. Nxd5 Bxd5 22. Bxd5 Qxd5 23. Qc2 Bf6 24. Qc4 Qe5 25. Rf2 Qe7 26. e3 Bg5 27. Rf3 Rbd8 28. Bd2 Qd7 29. Bc3 Qxd3 30. Qxd3 Rxd3 31. Re1 Kg8 32. Kg2 Bf6 33. Bxf6 Rxf6 34. Re2 c4 35. Rc2 Rb3 36. Rxc4 Rxb2+ 37. Rf2 Rb3 38. e4 fxe4 39. Rxf6 gxf6 40. Rxe4 Rxa3 41. Re7 Ra2+ 42. Kf3 a5 43. Ra7 {½-½ Mekhitarian,K (2537)-Dominguez Perez,L (2739) Aimchess Play In m rapid 2023 (1.1)}) 14. Nxc7 Qxc7 {[#]} 15. a4 $146 ({RR} 15. Nd5 Qd6 16. Nxe7+ Qxe7 17. Be3 exf4 18. Bxf4 Rb6 19. Qd2 Bg4 20. e4 Rd8 21. h3 Be6 22. Rfd1 Nb4 23. Qc3 Nxa2 24. Qa5 Nb4 25. Qxa7 Rb7 26. Qa5 Nc6 27. Qa6 Nb4 28. Qa5 Nxd3 29. e5 Rbd7 {0-1 Lindenmaier,R-Palkovi,J (2405) Oberliga Wuerttemberg 9293 1992}) ({RR} 15. f5 Nd4 16. g4 Bc6 17. Ne4 Ba8 18. Be3 Qa5 19. a4 Qb4 20. axb5 Qxb2 21. Rxa7 Rfe8 22. Bxd4 Qxd4+ 23. Kh1 Rxb5 24. Qa1 Rbb8 25. Qa6 Kh8 26. g5 Bxe4 27. Bxe4 c4 28. gxf6 Bxf6 29. Rf7 cxd3 {½-½ Edouard,R (2527)-Sengupta,D (2501) Hastings Masters 2023-24 (7.4)}) ({Predecessor:} 15. f5 Nd4 16. g4 Bc6 17. Ne4 Ba8 18. Be3 Qa5 19. a4 Qb4 20. axb5 Qxb2 21. Rxa7 Rfe8 22. Bxd4 Qxd4+ 23. Kh1 Rxb5 24. Qa1 Rbb8 25. Qa6 Kh8 26. g5 Bxe4 27. Bxe4 c4 28. gxf6 Bxf6 29. Rf7 cxd3 30. exd3 Rf8 {½-½ Edouard,R (2527)-Sengupta,D (2501) Hastings Masters op 2023 (7)}) 15... b4 16. Nd5 Qd6 17. Be3 Nd4 18. fxe5 fxe5 19. Nxe7+ Qxe7 20. Bxd4 exd4 21. Qb3+ Kh8 22. Rxf8+ Rxf8 23. Qd5 Bg4 24. Be4 Bxe2 25. Kg2 c4 26. Qxd4 cxd3 27. Bxd3 Bf3+ {Precisão Chess.com: Brancas 90.2% Pretas 98.4%} 0-1